Principles of population studies. (Record no. 198)

MARC details
000 -LEADER
fixed length control field 00517cam a2200205ua 4500
008 - FIXED-LENGTH DATA ELEMENTS--GENERAL INFORMATION
fixed length control field 110325n ii |||gr||||Z||||||eng
020 ## - INTERNATIONAL STANDARD BOOK NUMBER
International Standard Book Number 81-7493-616-5
040 ## - CATALOGING SOURCE
Transcribing agency MAIN
082 ## - DEWEY DECIMAL CLASSIFICATION NUMBER
Classification number 304.6
245 1# - TITLE STATEMENT
Title Principles of population studies.
Statement of responsibility, etc. By Asha A. Bhende.
250 ## - EDITION STATEMENT
Edition statement 4th.
260 ## - PUBLICATION, DISTRIBUTION, ETC.
Place of publication, distribution, etc. Mumbai,:
Name of publisher, distributor, etc. Himalaya publishing house.,988.
300 ## - PHYSICAL DESCRIPTION
Extent 504 p.:5 cm.
700 ## - ADDED ENTRY--PERSONAL NAME
Personal name Bhende, Asha A.,
700 ## - ADDED ENTRY--PERSONAL NAME
Personal name Kanitkar, Tara.,
942 ## - ADDED ENTRY ELEMENTS (KOHA)
Koha item type Books
653 ## - INDEX TERM--UNCONTROLLED
Uncontrolled term Sociology.
653 ## - INDEX TERM--UNCONTROLLED
Uncontrolled term Population studies.
Holdings
Withdrawn status Lost status Damaged status Not for loan Home library Current library Shelving location Date acquired Total Checkouts Full call number Barcode Date last seen Copy number Price effective from Koha item type
        Central Library, Naharkatiya College Central Library, Naharkatiya College General Stacks 19/09/2020   304.6 | BHE 1955 19/09/2020 2 19/09/2020 Books
        Central Library, Naharkatiya College Central Library, Naharkatiya College General Stacks 19/09/2020   304.6 | BHE 2833 19/09/2020 1 19/09/2020 Books

Naharkatiya College © 2020. All rights reserved.

Powered By